01272nab a22002657a 4500003000400000005001700004008004100021040000700062100002500069245009900094260007300193300001300266500007500279505026100354505008900615650002900704650001500733650002100748650001400769650001600783650002700799650001700826650002700843773013600870OSt20260131190524.0190603e xxum|||| |||| 00| 0 spa d cPJ aIglesias, Mariana B.10aDatos y activos digitales en el marco de la transmisión hereditaria /cMariana B. Iglesias.  cCiudad Autónoma de Buenos Aires :aThomson Reuters La Ley, b2025. ap. 18-25 aCita: TR LALEY AR/DOC/2867/2025 Publicado en: RCCyC 2025 (Diciembre). aSumario: I. Contenido de la herencia, datos y activos digitales.— II. La transmisión mortis causa de los datos. A propósito de precedentes jurisprudenciales comparados.— III. La transmisión mortis causa de activos digitales.— IV. Conclusión.  t¿Te interesa el texto completo? Solicitalo al correo: koha@justierradelfuego.gov.ar 0aCODIGO CIVIL Y COMERCIAL 0aSUCESIONES 0aDATOS PERSONALES 0aHEREDEROS 0aTESTAMENTOS 0aDERECHO A LA INTIMIDAD 0aCRIPTOMONEDA 0aCIENCIA Y TECNOLOGÍA0 02713dCiudad Autónoma de Buenos Aires : Thomson Reuters La Ley, 2015-tRevista Código Civil y Comercial. Nº 6 - Diciembre 2025